<?xml version="1.0" encoding="UTF-8"?>
<record
    xmlns:xsi="http://www.w3.org/2001/XMLSchema-instance"
    xsi:schemaLocation="http://www.loc.gov/MARC21/slim http://www.loc.gov/standards/marcxml/schema/MARC21slim.xsd"
    xmlns="http://www.loc.gov/MARC21/slim">

  <leader>06012nam a22003857a 4500</leader>
  <controlfield tag="001">BRCA_9304</controlfield>
  <controlfield tag="002">P-125</controlfield>
  <controlfield tag="003">FranzMayer</controlfield>
  <controlfield tag="005">20260401120750.0</controlfield>
  <controlfield tag="008">260401s1608    be a|||gr|||| 00| | lat d</controlfield>
  <datafield tag="040" ind1=" " ind2=" ">
    <subfield code="a">BMFM</subfield>
    <subfield code="b">spa</subfield>
  </datafield>
  <datafield tag="041" ind1="0" ind2=" ">
    <subfield code="a">lat</subfield>
    <subfield code="a">dut</subfield>
    <subfield code="a">fre</subfield>
  </datafield>
  <datafield tag="050" ind1=" " ind2="0">
    <subfield code="a">NE1683.0.53</subfield>
    <subfield code="b">.V44 1608</subfield>
  </datafield>
  <datafield tag="100" ind1="1" ind2=" ">
    <subfield code="a">Veen, Otto van</subfield>
    <subfield code="d">(c. 1556-1629)</subfield>
    <subfield code="e">autor, editor y dise&#xF1;o iconogr&#xE1;fico</subfield>
    <subfield code="9">30176</subfield>
  </datafield>
  <datafield tag="245" ind1="1" ind2="0">
    <subfield code="a">Amorum Emblemata, Figuris Aeneis Incisa Studio Othonis Vaeni Batavo-Lugdunensis /</subfield>
    <subfield code="c">Otto van Veen</subfield>
  </datafield>
  <datafield tag="260" ind1=" " ind2=" ">
    <subfield code="a">Amberes, B&#xE9;lgica : </subfield>
    <subfield code="b">Venalia apud auctorem, [impreso por] Hieronymus Verdussen (A la venta por el autor, impreso por Hieronymus Verdussen) ;</subfield>
    <subfield code="c">1608</subfield>
  </datafield>
  <datafield tag="300" ind1=" " ind2=" ">
    <subfield code="a">XIV[14], 247 p&#xE1;ginas :</subfield>
    <subfield code="b">grabados ;</subfield>
    <subfield code="c">20 x 16.1 x 3 cm</subfield>
  </datafield>
  <datafield tag="520" ind1="3" ind2=" ">
    <subfield code="a">Obra ilustrada concebida como una gu&#xED;a moral y est&#xE9;tica para la juventud, explorando las virtudes y peligros del amor, a trav&#xE9;s de un lenguaje simb&#xF3;lico propio de los libros de emblemas: un g&#xE9;nero popular entre los siglos XVI y XVII, en el que se combinaba una ilustraci&#xF3;n con un lema breve que reforzaba una ense&#xF1;anza moral o filos&#xF3;fica.A trav&#xE9;s de 125 emblemas, Otto van Veen represent&#xF3; a cupido en diversas situaciones que simbolizan aspectos del amor humano, acompa&#xF1;ada de un lema en lat&#xED;n, citas de autores cl&#xE1;sicos como Ovidio, S&#xE9;neca y Cicer&#xF3;n, y versos en lenguas vern&#xE1;culas como franc&#xE9;s, italiano, ingl&#xE9;s o neerland&#xE9;s, seg&#xFA;n la edici&#xF3;n.</subfield>
    <subfield code="b">La obra sigue el formato de los libros de emblemas: en la p&#xE1;gina izquierda se encuentra el texto (lema, citas y versos), y a la derecha, la imagen correspondiente. Los grabados fueron realizados por Cornelius Bol, a partir de los dise&#xF1;os de Van Veen.El libro fue puesto a la venta por el propio Otto van Veen (venalia apud auctorem) y f&#xED;sicamente impreso por Hieronymus Verdussen en Amberes, en 1608.</subfield>
  </datafield>
  <datafield tag="563" ind1=" " ind2=" ">
    <subfield code="a">Otras referencias f&#xED;sicas: Encuadernaci&#xF3;n entera en piel decorada. El papel del cuerpo del libro est&#xE1; formado por pulpa de trapo, hecho a mano, con marcas de verjurado y marcas de agua. El cuerpo del libro est&#xE1; formado por cuadernillos unidos mediante costura aparentemente seguida sobre cinco soportes sencillos, elevados, de cordel; las prolongaciones de los soportes se usaron para unir el cuerpo a la cartera. Hojas de guarda lisas; la contraguarda anterior tiene un grabado adherido; la hoja de guarda m&#xF3;vil posterior tiene adherida una hoja mecanuscrita. Lomera plana con cajo; parece tener endoses de papel de re&#xFA;so impreso, aunque no fue posible determinar el tipo ni el n&#xFA;mero de endoses. Cabezadas tejidas de color no determinado; actualmente las almas de las cabezadas est&#xE1;n cortadas al ras, no fue posible determinar si en alg&#xFA;n momento tuvieron prolongaciones. Cantos refinados, pulidos y aparentemente goteados en caf&#xE9; y rojo. Soportes de las tapas de cart&#xF3;n. La piel est&#xE1; decorada en negro y rojo; las casillas 1, 3, 4, 5 y 6 tienen decoraci&#xF3;n en dorado; la casilla 2 tiene el t&#xED;tulo grabado en dorado. Texto impreso; el grabado en la contraguarda anterior tiene la fecha 1803 escrita con tinta ferrog&#xE1;lica; en la misma contraguarda hay anotaciones con tinta ferrog&#xE1;lica y l&#xE1;piz</subfield>
  </datafield>
  <datafield tag="591" ind1=" " ind2=" ">
    <subfield code="a">Estado de conservaci&#xF3;n: Bueno</subfield>
  </datafield>
  <datafield tag="591" ind1=" " ind2=" ">
    <subfield code="b">Descripci&#xF3;n de conservaci&#xF3;n: Intervenido. Las primeras hojas est&#xE1;n reforzadas en la parte de los hombros; las puntas de la cartera tienen injertos de piel; el &#xE1;rea de las ca&#xF1;uelas y de la lomera donde se perdi&#xF3; piel, est&#xE1;n reintegradas crom&#xE1;ticamente con un tono rojizo. Suciedad, manchas, dobleces m&#xED;nimos en las hojas, foxing, galer&#xED;as de insectos, piel abrasionada, recubrimiento de las ca&#xF1;uelas perdido, faltantes en el lomo, soportes de costura abrasionados</subfield>
  </datafield>
  <datafield tag="592" ind1=" " ind2=" ">
    <subfield code="a">Marcas adicionales: Exlibris de Franz Mayer. Exlibris de escudo con dos espadas cruzadas, acompa&#xF1;ado de un querub&#xED;n y rodeado de una guirnalda; en la cinta inferior figura el lema: &lt;&lt;In virtute et iustitia&gt;&gt;. Nota manuscrita en las guardas: [B.D.L.1803]. 125 emblemas calcogr&#xE1;ficos. Nombre del grabador [C. Boel fecit]  (1 p&#xE1;gina). Incluye versos preliminares en lat&#xED;n atribuidos a Daniel Heinsius, Mich vander Hagen, Ph. Rubenius, Matthias Corbinot Middelburgius y Cornelis Boel. Hugonis Grotii y Matthias Corbinot Middelburgius aparecen mencionados en el t&#xED;tulo, aunque su autor&#xED;a en estos versos no est&#xE1; confirmada, ( p&#xE1;ginas II [2] y VII [7] ). Aprobaci&#xF3;n del ejemplar por Laur. Beyerlinck, S. Theol. Licent., Eccl. y Cathed. Ant. Canon Cenfor (p&#xE1;gina [248]). Colofon con el nombre del impresor: Typis Hendrik Swingen . En las guardas lleva pegada una nota mecanografiada con la siguiente informaci&#xF3;n: &lt;&lt; IV-11-1946./ Eduardo Villasenor, Director General, Banco de Mexico, Mexico, D.F./Vaenius.Amorum emblemata. 1608.  $ 54.00/VAENIUS, OTHO. Amorum emblemata, figuris seneis incisa. Antveripae, apud auctorem, 1608. With a full-page figure representing Venus with Cupid on a chariot and 125 very nice large emblems  engraved boy Conellius Boel. Smal  4to oblong. Contempor. calf (binding somewhat damaged).First edition of this charming embleme-book, with the text in Latin, Dutch anf French. Vinet 861 "Chaque ambl&#xE8;me repres&#xE9;nte l&#xE1;mour dans une situation diff&#xE9;rence et qui fait allusion &#xE0; cette passion. Tous sont trait&#xE9;s avec infiniment de finesse et de talent&gt;&gt;</subfield>
  </datafield>
  <datafield tag="593" ind1=" " ind2=" ">
    <subfield code="a">Colecci&#xF3;n adicional: Tratados, compendios y manuales </subfield>
  </datafield>
  <datafield tag="650" ind1="1" ind2="0">
    <subfield code="a">Art</subfield>
    <subfield code="y">Early works to 1800</subfield>
    <subfield code="9">30177</subfield>
  </datafield>
  <datafield tag="650" ind1="1" ind2="0">
    <subfield code="a">Emblems</subfield>
    <subfield code="x">Illustrated works</subfield>
    <subfield code="y">17th century</subfield>
    <subfield code="9">30178</subfield>
  </datafield>
  <datafield tag="650" ind1="1" ind2="0">
    <subfield code="a">Engravings</subfield>
    <subfield code="y">17th century</subfield>
    <subfield code="z">Netherlands</subfield>
    <subfield code="9">30179</subfield>
  </datafield>
  <datafield tag="650" ind1="1" ind2="0">
    <subfield code="a">Love</subfield>
    <subfield code="x"> Moral aspects</subfield>
    <subfield code="x">Emblematic literature</subfield>
    <subfield code="9">30180</subfield>
  </datafield>
  <datafield tag="650" ind1="1" ind2="0">
    <subfield code="a">Symbolic art</subfield>
    <subfield code="y">17th century</subfield>
    <subfield code="9">30181</subfield>
  </datafield>
  <datafield tag="700" ind1="1" ind2=" ">
    <subfield code="a">Boel, Cornelis</subfield>
    <subfield code="d">(c. 1576-162)</subfield>
    <subfield code="e">grabador</subfield>
    <subfield code="9">30182</subfield>
  </datafield>
  <datafield tag="700" ind1="1" ind2=" ">
    <subfield code="a">Verdussen I,  Hieronymus</subfield>
    <subfield code="d">(1552-1635)</subfield>
    <subfield code="e">impresor</subfield>
    <subfield code="9">30183</subfield>
  </datafield>
  <datafield tag="856" ind1="4" ind2="1">
    <subfield code="q">TIF//PDF</subfield>
    <subfield code="u">https://bibliotecadigital.franzmayer.org.mx/items/bc88660b-162e-4c7f-aba0-bae727436ac2</subfield>
    <subfield code="y">Bibliotecas Museo Franz Mayer</subfield>
  </datafield>
  <datafield tag="902" ind1=" " ind2=" ">
    <subfield code="a">KH</subfield>
    <subfield code="a">FM</subfield>
    <subfield code="a">TV</subfield>
  </datafield>
  <datafield tag="942" ind1=" " ind2=" ">
    <subfield code="2">lcc</subfield>
    <subfield code="c">B</subfield>
  </datafield>
  <datafield tag="960" ind1=" " ind2=" ">
    <subfield code="a">CS-L2-N1</subfield>
  </datafield>
  <datafield tag="999" ind1=" " ind2=" ">
    <subfield code="c">11112</subfield>
    <subfield code="d">11112</subfield>
  </datafield>
  <datafield tag="952" ind1=" " ind2=" ">
    <subfield code="a">BRCA</subfield>
    <subfield code="b">BRCA</subfield>
    <subfield code="f">CS-L2-N1</subfield>
    <subfield code="i">P-125</subfield>
    <subfield code="l">0</subfield>
    <subfield code="o">NE1683.0.53 .V44 1608</subfield>
    <subfield code="p">LAR00190</subfield>
    <subfield code="r">2026-04-01 12:02:00</subfield>
    <subfield code="y">B</subfield>
    <subfield code="0">0</subfield>
    <subfield code="1">0</subfield>
    <subfield code="2">lcc</subfield>
    <subfield code="5">2</subfield>
    <subfield code="7">0</subfield>
    <subfield code="8">LAR</subfield>
  </datafield>
</record>
